Wordt geladen...

Vanijya Pookrishi (Malayalam)

Bibliografische gegevens
Hoofdauteur: Dr.T P Murali
Formaat: Printed Book
Gepubliceerd in: Thrissur Current Books 1998
LEADER 00397nam a22001217a 4500
082 |a 635.9 MUR/VA 
100 |a Dr.T P Murali 
245 |a Vanijya Pookrishi (Malayalam) 
260 |a Thrissur  |b Current Books  |c 1998 
300 |a 134 
942 |c BK 
999 |c 169253  |d 169253 
952 |0 0  |1 0  |4 0  |6 635_900000000000000_MUR_VA  |7 0  |9 174284  |a KAUCOAP  |b KAUCOAP  |d 2016-03-21  |o 635.9 MUR/VA  |p KAU_COAP03140  |r 2016-03-21  |w 2016-03-21  |y BK